PDC Titel 2022 - Statistiken

Allgemein
  • Dieses Quiz wurde 61 mal gespielt
    37 seit der letzten Aktualisierung
  • Das Durchschnittsergebnis liegt bei 50 aus 62
Antwortstatistiken
Turnier Sieger % Korrekt
German Darts Championship Michael van Gerwen
100%
PC 8 Michael van Gerwen
100%
PC 10 Michael van Gerwen
100%
Austrian Darts Open Michael van Gerwen
100%
European Darts Open Michael van Gerwen
100%
Premier League Michael van Gerwen
100%
World Matchplay Michael van Gerwen
100%
Queensland Darts Masters Michael van Gerwen
100%
World Grand Prix Michael van Gerwen
100%
Players Championship Finals Michael van Gerwen
100%
WM 2022 Peter Wright
100%
PC 2 Peter Wright
100%
German Darts Open Peter Wright
100%
International Darts Open Gerwyn Price
96%
PC 7 Gerwyn Price
96%
New Zealand Darts Masters Gerwyn Price
96%
World Series of Darts Finals Gerwyn Price
96%
PC 29 Gerwyn Price
96%
PC 14 Michael Smith
96%
PC 15 Michael Smith
96%
Dutch Darts Championship Michael Smith
96%
US Darts Masters Michael Smith
96%
PC 16 Michael Smith
96%
Grand Slam of Darts Michael Smith
96%
WM 2023 Michael Smith
96%
European Darts Championship Ross Smith
92%
UK Open Danny Noppert
84%
PC 19 Danny Noppert
84%
PC 1 Luke Humphries
84%
German Darts Grand Prix Luke Humphries
84%
Czech Darts Open Luke Humphries
84%
European Darts Grand Prix Luke Humphries
84%
European Darts Matchplay Luke Humphries
84%
PC 13 Nathan Aspinall
84%
PC 22 Nathan Aspinall
84%
Belgian Darts Open Dave Chisnall
80%
PC 25 Dave Chisnall
80%
Nordic Darts Masters Dimitri Van den Bergh
80%
Dutch Darts Masters Dimitri Van den Bergh
80%
PC 12 Dirk van Duijvenbode
80%
PC 18 Dirk van Duijvenbode
80%
PC 24 Rob Cross
80%
PC 27 Rob Cross
80%
The Masters Joe Cullen
76%
PC 3 Joe Cullen
76%
PC 4 Joe Cullen
76%
Hungarian Darts Trophy Joe Cullen
76%
New South Wales Darts Masters Jonny Clayton
72%
PC 11 Ryan Searle
72%
PC 30 James Wade
64%
World Cup of Darts Spieler 2 Simon Whitlock
64%
PC 5 Damon Heta
60%
World Cup of Darts Spieler 1 Damon Heta
60%
Gibraltar Darts Trophy Damon Heta
60%
PC 26 Damon Heta
60%
PC 20 Adrian Lewis
52%
PC 28 Josh Rock
48%
PC 9 Danny Jansen
40%
PC 21 Brendan Dolan
32%
PC 6 Jim Williams
28%
PC 17 Scott Williams
28%
PC 23 Keegan Brown
24%
Keine übereinstimmenden Quizze gefunden
Verteilung der Resultate
Anzahl Personen mit jedem Resultat
Perzentil nach korrekt beantworteten Fragen
Ihre Resultats-Entwicklung
Sie haben dieses Quiz seit der letzten Aktualisierung nicht gespielt